000 00525nam a2200217Ia 4500
003 OSt
005 20220924133414.0
006 a|||||r|||| 00| 0
007 ta
008 220923b |||||||| |||| 00| 0 snd d
024 _a265149
037 _cTextual
040 _aARTS
_cARTS
_bsnd
041 _2snd
_asnd
082 _aO157:3M98:23, J5
100 _aBanarjee
_9206355
245 0 _aAuchingarun
260 _c1955
942 _hO157:3M98:23, J5
_cTEXL
_2CC
999 _c433691
_d433691